| 000 | 01153nam a22004097a 4500 | ||
|---|---|---|---|
| 001 | BR2019000450 | ||
| 003 | BR-BrBNA | ||
| 005 | 20230928105417.0 | ||
| 007 | ta | ||
| 008 | 230509b bl.||||| |||| 00| 0 por d | ||
| 020 | _a978-85-7700-503-1 | ||
| 040 |
_aBR-BrBNA _bpor _cBiblioteca Nacional de Agricultura |
||
| 041 | _a(Por) | ||
| 072 | _aD50; A01 | ||
| 090 | _ D50 BR2019000450 | ||
| 100 | 1 | _aPlaza, C.M.C. de Á. (ed.) | |
| 100 | 1 | _aNero, P.A. del (ed.) | |
| 100 | 1 | _aTarrega, M.C.V.B. (ed.) | |
| 100 | 1 | _aSantos, N. dos (ed.) | |
| 245 | 1 | _aPropriedade intelectual na agricultura | |
| 260 | 3 |
_aBelo Horizonte, MG (Brasil): _bFórum, _c2012. |
|
| 300 | _a394 p. | ||
| 500 | _aIncludes several bibliographies; 2 illus.; 11 tables; 3 graphs | ||
| 650 |
_aDIREITO _93 |
||
| 650 | _aDIREITO AGRÁRIO | ||
| 650 | _aPATENTE | ||
| 650 | _aAGRICULTURA | ||
| 650 | _aGENÉTICA | ||
| 650 | _aVARIEDADE | ||
| 650 | _aBIOTECNOLOGIA | ||
| 650 | _aBIOSSEGURANÇA | ||
| 650 | _aSEGURANÇA ALIMENTAR | ||
| 650 | _aTRANSFERÊNCIAS DE TECNOLOGIA | ||
| 650 | _aPROCEDÊNCIA | ||
| 909 |
_a202309 _bLucia _c55 _dLucia Elande |
||
| 942 | _cBK | ||
| 999 |
_c85020 _d85020 |
||